000
00364nam a2200181Ia 4500
100
_a
Furber/Steve
650
_a
ARM
250
_a
2
942
_c
BK
366
_f
17.5
654
_a
ARM
245
_a
ARM system on chip architecture
260
_b
Pearson Education
_c
2000
082
_a
004.1/FUR
_b
FUR
300
_a
427
546
_a
ENGLISH
999
_c
20083
_d
20083